000 00510nam a2200205 a 4500
999 _c899
_d899
008 191107r19882012ii a|||g |||| 00| 0 eng d
020 _a817224097X
_cRs. 85.00
040 _aKO
_beng
041 0 _aeng
044 _aii
082 0 4 _223
_a811.52
_bG356
100 1 _aGibran, Khalil
245 1 0 _aThe Prophet /
_cKhalil Gibran
260 _aMumbai :
_bJaico Publishing House ,
_c1988, reprinted 2012
300 _a113 p. :
_bill. ;
_c18 cm.
650 0 _aLife
904 _aA_BOSE
942 _cBK